Red Hat Linux 9 unleashed (Record no. 6465)

000 -LEADER
fixed length control field 00520 a2200193 4500
020 ## - INTERNATIONAL STANDARD BOOK NUMBER
International Standard Book Number 0-672-32588-8
040 ## - CATALOGING SOURCE
Original cataloging agency DLC
Language of cataloging DLC
082 0# - DEWEY DECIMAL CLASSIFICATION NUMBER
Classification number 005.4
100 1# - MAIN ENTRY--PERSONAL NAME
Personal name Ball, Bill
245 10 - TITLE STATEMENT
Title Red Hat Linux 9 unleashed
Statement of responsibility, etc. Billy Ball, Hoyt Duff
260 ## - PUBLICATION, DISTRIBUTION, ETC.
Place of publication, distribution, etc. India
Name of publisher, distributor, etc. pearson
Date of publication, distribution, etc. cop. 2003
300 ## - PHYSICAL DESCRIPTION
Extent xxvii, 1002 s. :
Other physical details ill. +
Accompanying material 1 CD-ROM
500 ## - GENERAL NOTE
General note Hä²´ill CD-ROM
650 #7 - SUBJECT ADDED ENTRY--TOPICAL TERM
Topical term or geographic name entry element Operativsystem
650 #7 - SUBJECT ADDED ENTRY--TOPICAL TERM
Topical term or geographic name entry element Linux
650 #7 - SUBJECT ADDED ENTRY--TOPICAL TERM
Topical term or geographic name entry element Operating systems (Computers)
700 1# - ADDED ENTRY--PERSONAL NAME
Personal name Duff, Hoyt
Relator code aut
942 ## - ADDED ENTRY ELEMENTS (KOHA)
Koha item type Book
Call number prefix 005.4469 BAL
Source of classification or shelving scheme
Holdings
Withdrawn status Lost status Damaged status Not for loan Collection code Permanent Location Current Location Shelving location Date acquired Source of acquisition Cost, normal purchase price Total Checkouts Full call number Barcode Date last seen Price effective from Koha item type
          Central Library (CL) Central Library (CL) First Floor - Operating System/ Data Structure 04/16/2004 Allied Book Company 767.25   005.4469 BAL SEECS004338 11/14/2012 01/05/2017 Book
© 2023 Central Library, National University of Sciences and Technology. All Rights Reserved.